Cities of San Joaquin County on a Map - Statistics

General Stats
  • This quiz has been taken 62 times
  • The average score is 5 of 7
Answers on the Map
Answers color-coded by a green-red scale on the quiz's map according to % correct below.
 
Answer Stats
Answer % Correct
Stockton
97%
Tracy
87%
Manteca
77%
Lodi
67%
Lathrop
47%
Ripon
43%
Escalon
37%
No matching quizzes found
Score Distribution
Percent of People with Each Score
Percentile by Number Answered
Your Score History
You have not taken this quiz